Tài liệu hỗ trợ giáo viên tập sự môn lịch sử
Giáo viên tập sự trước yêu cầu nâng cao chất lượng dạy học môn lịch sử ở trường phổ thông; Kiến thức trọng tâm, kiến thức mới và khó trong chương trình, sách giáo khoa lịch sử THPT; Vận dụng một số phương pháp dạy học tích cực trong dạy học lịch sử ở trường THPT; Một số biện pháp giáo dục tư tưởng,...
Enregistré dans:
| Auteur principal: | |
|---|---|
| Autres auteurs: | , , |
| Format: | Livre |
| Langue: | Vietnamese |
| Publié: |
Hà Nội
Nxb. Hà Nội
2013
|
| Collection: | Sách Dự án phát triển giáo viên THPT & TCCN
|
| Sujets: | |
| Tags: |
Ajouter un tag
Pas de tags, Soyez le premier à ajouter un tag!
|
| Thư viện lưu trữ: | Mạng thư viện Đại học Đà Nẵng |
|---|
| LEADER | 02159nam a2200409 4500 | ||
|---|---|---|---|
| 001 | 000018456 | ||
| 003 | 14887 | ||
| 005 | 20131112101158.0 | ||
| 008 | 131112s2013 viesd | ||
| 041 | 0 | |a vie | |
| 082 | 1 | 4 | |a 375.9 |b HA-T |
| 100 | 1 | |a Hà Thị Thu Thủy |e chủ biên | |
| 245 | 1 | 0 | |a Tài liệu hỗ trợ giáo viên tập sự môn lịch sử |c Hà Thị Thu Thủy chủ biên, Đỗ Hồng Thái, Tạ Tương Chân, Trần Kim Thủy |
| 260 | |a Hà Nội |b Nxb. Hà Nội |c 2013 | ||
| 300 | |a 131 tr. |c 27 cm. | ||
| 490 | |a Sách Dự án phát triển giáo viên THPT & TCCN | ||
| 500 | |a Sách Dự án phát triển giáo viên THPT & TCCN, trường ĐHSP - Đại học Thái Nguyên | ||
| 500 | |a Bộ Giáo dục và Đào tạo, Ngân hàng phát triển Châu Á | ||
| 520 | 3 | |a Giáo viên tập sự trước yêu cầu nâng cao chất lượng dạy học môn lịch sử ở trường phổ thông; Kiến thức trọng tâm, kiến thức mới và khó trong chương trình, sách giáo khoa lịch sử THPT; Vận dụng một số phương pháp dạy học tích cực trong dạy học lịch sử ở trường THPT; Một số biện pháp giáo dục tư tưởng, tình cảm cho học sinh trong dạy học lịch sử; Định hướng tự phát triển năng lực nghề nghiệp đối với người giáo viên tập sự môn lịch sử. | |
| 650 | 0 | 4 | |a Lịch sử |x Dạy và học |
| 650 | 0 | 4 | |a Lịch sử |x Giáo viên tập sự |
| 653 | |a Lịch sử | ||
| 653 | |a Giáo viên tập sự | ||
| 653 | |a Giáo dục phổ thông | ||
| 700 | 1 | |a Đỗ Hồng Thái | |
| 700 | 1 | |a Tạ Tương Chân | |
| 700 | 1 | |a Trần Kim Thủy | |
| OWN | |a LSP | ||
| AVA | |a UDN50 |b LSP |d 375.9 HA-T |e check_holdings |t Error 5003 Not defined in file expand_doc_bib_avail. |h N |k 1 | ||
| 999 | |a From the UDN01 | ||
| AVA | |a UDN50 |b LSP |d 375.9 HA-T |e available |t Error 5001 Not defined in file expand_doc_bib_avail. |f 175 |g 69 |h N |i 21 |k 1 | ||
| TYP | |a Monograph | ||
| TYP | |a Printed language | ||
| 980 | |a Mạng thư viện Đại học Đà Nẵng | ||